00371 2200157 4500001002100000005001500021035002000036245002300056100001400079250001000093300002500103260004500128082000800173084001400181020001800195INLIS00000000000110720260106083019 a0010-01260000011 abulan /ctere liye0 atere liye akedua a400 hlm :bilustrasi ajakarta :bgramedia pustaka utama,c2015 a813 a813 TER b a9786020332949